000 00478nam a2200169 i 4500
001 71594
003 ES-MaACL
005 20230906171154.0
007 t|
008 040813s1934 xxk ||||1| spa d
100 1 _aGeorge, David Lloyd.
_956379
245 1 0 _aWar memoirs /
_cof David Lloyd George.
260 _aLondon :
_bIvor Nicholson and Watson,
_c1934.
300 _a4 v. :
_bil. ;
_c23 cm.
650 0 4 _aGuerra mundial, 1914-1918.
_913212
852 _aES-MaACL
_jA-3307-10
999 _c71594
_d71594